Keira Knightley Movies Quiz Stats

 Plays Quiz Updated Jul 6, 2018

Also try: Johnny Depp Movies
Challenge
Share
Tweet
Embed
Score 0/32 Timer 05:00
0 Plays Today
Year Movie % Correct
2003Pirates of the Caribbean: The Curse of the Black Pearl
93.8%
2006Pirates of the Caribbean: Dead Man's Chest
83.1%
2007Pirates of the Caribbean: At World's End
80.6%
2005Pride & Prejudice
79.5%
2017Pirates of the Caribbean: Dead Men Tell No Tales
66.4%
2007Atonement
59.1%
2002Bend It Like Beckham
58.9%
2005Domino
53.9%
2004King Arthur
52.1%
2003Love Actually
51.4%
2012Anna Karenina
43.6%
2014The Imitation Game
40.3%
2008The Duchess
37%
1999Star Wars Episode I: The Phantom Menace
33.9%
2013Begin Again
28%
2018Colette
25.1%
Year Movie % Correct
2012Seeking a Friend for the End of the World
21.9%
2010Never Let Me Go
21.5%
2011A Dangerous Method
21.1%
2001The Hole
20.1%
2014Jack Ryan: Shadow Recruit
18.4%
2014Laggies
17.7%
2005The Jacket
16.6%
2015Everest
16.5%
2016Collateral Beauty
15.5%
2010Last Night
12.6%
2007Silk
12.2%
2008The Edge of Love
12.1%
2010London Boulevard
10.3%
2002Pure
7.2%
1995Innocent Lies
6.4%
2012Stars in Shorts
4.5%

You're not logged in!

Compare scores with friends on all Sporcle quizzes.
OR
Log In

You Might Also Like...

Show Comments

Extras

Top Quizzes Today


Score Distribution

Your Account Isn't Verified!

In order to create a playlist on Sporcle, you need to verify the email address you used during registration. Go to your Sporcle Settings to finish the process.

Report this User

Report this user for behavior that violates our Community Guidelines.

Details: